| 000 | 00718nam a22002175i 4500 | ||
|---|---|---|---|
| 001 | 175933 | ||
| 003 | ES-MaACL | ||
| 005 | 20250516180710.0 | ||
| 008 | 101201s1963 sp o |||| | cat d | ||
| 080 | _a929 Victoria de los Ángeles | ||
| 100 | 1 |
_aLlopis, Arturo. _972824 |
|
| 245 | 1 | 0 |
_aVictòria dels Àngels / _cArtur Llopis. |
| 260 |
_a[Barcelona] : _bAlcides, _cD. L. 1963. |
||
| 300 |
_a76, [2] p. : _bfot. bl. y n. ; _c18 cm. |
||
| 490 | 1 |
_aBiografies populars ; _v5 |
|
| 546 | _aTexto en catalán. | ||
| 600 | 0 | 7 |
_aVictoria de los Ángeles, _d1923-2005- _vBiografías _2 _9144142 |
| 830 | 0 |
_aBiografies populars ; _v5 _9189851 |
|
| 852 |
_aES-MaACL _xOlim P-81-bis |
||
| 999 |
_c175933 _d175933 |
||